Αναπτυξιακά κίνητρα του Ν. 2601 πτυχιακή εργασία

Αποθηκεύτηκε σε:
Λεπτομέρειες βιβλιογραφικής εγγραφής
Κύριος συγγραφέας: Κωτιάδης, Εμμανουήλ
Συγγραφή απο Οργανισμό/Αρχή: Πανεπιστήμιο Αιγαίου. Σχολή Κοινωνικών Επιστημών. Τμήμα Γεωγραφίας
Άλλοι συγγραφείς: Ιωσηφίδης, Θεόδωρος (Εισηγητής διατριβής)
Μορφή: Thesis Βιβλίο
Γλώσσα:Greek
Δημοσίευση: Μυτιλήνη : Πανεπιστήμιο Αιγαίου, Τμήμα Γεωγραφίας, 2003
Θέματα:
Ετικέτες: Προσθήκη ετικέτας
Δεν υπάρχουν, Καταχωρήστε ετικέτα πρώτοι!

MARC

LEADER 00000cam a2200000 i 4500
001 1/89662
008 051122s2002 gre d
035 |l 10081381 
040 |a GR-MY-UA  |b gre  |e aacr 
041 0 |a gre 
082 0 |a 338.9  |2 (22) 
100 1 |a Κωτιάδης, Εμμανουήλ. 
245 1 0 |a Αναπτυξιακά κίνητρα του Ν. 2601/98 στον Ν. Ξάνθης με έμφαση στη μεταποίηση :  |b πτυχιακή εργασία /  |c Κωτιάδης Εμμανουήλ ; υπεύθυνος καθηγητής Ιωσηφίδης Θεόδωρος 
260 |a Μυτιλήνη :   |b Πανεπιστήμιο Αιγαίου, Τμήμα Γεωγραφίας,   |c 2003 
300 |a 228 σ.;  |b πιν., χάρτ.;  |c 30 εκ. 
502 # # |a Πτυχιακή εργασία – Πανεπιστήμιο Αιγαίου, Λέσβος, 2002. 
504 |a Βιβλιογραφία: σ. 224-227 
650 0 0 |a Rural development  |z Xanthis (Greece : Nome) 
650 0 0 |a Economic development  |z Xanthis (Greece : Nome) 
650 0 0 |a Dissertations, Academic  |z Greece. 
651 0 |a Xanthis (Greece : Nome)  |x Economic conditions. 
700 1 |a Ιωσηφίδης, Θεόδωρος.  |4 ths 
710 2 |a Πανεπιστήμιο Αιγαίου.   |b Σχολή Κοινωνικών Επιστημών.   |b Τμήμα Γεωγραφίας. 
852 |a INST  |b LESVOS  |c DIATR  |e 20051122  |h 161  |p 005100033018  |q 005100033018  |t DIE  |y 23 
852 |a INST  |b LESVOS  |c DIATR  |e 20051122  |h 162  |p 005100033019  |q 005100033019  |t DIE  |y 23 
901 |a BIBL1-2005-3 
909 |a Λ  |b 121222 
909 |a Λ  |b 121223 
924 |a ΚΩΤΙΑΔΗΣ  |b ΕΜΜΑΝΟΥΗΛ  |y ΛΕΣΒΟΣ  |z 2003-06 
970 |a ΜΑΡΙΝΑΤΟΥ  |b ΜΥΡΣΙΝΗ  |z 2005/11/22